|
|
|
|
| LEADER |
00000cam a2200000 4500 |
| 001 |
vtls009623200 |
| 003 |
SK-MaSNL |
| 005 |
20260301082359.0 |
| 008 |
250313s1937 xr o 1 cze |
| 035 |
|
|
|a urn:nbn:sk:snk-am00dm1i
|
| 035 |
|
|
|a urn:nbn:sk:snk-am3i6q8
|
| 035 |
|
|
|a DEA53D8F-FE14-4847-976B-08953F1EF837
|
| 040 |
|
|
|a SNK
|b slo
|c SNK
|e AACR2
|
| 041 |
|
|
|a cze
|
| 043 |
|
|
|a e-hu---
|
| 044 |
|
|
|a xr
|c CZ
|
| 080 |
|
|
|a 32(091)
|2 2011
|
| 080 |
|
|
|a 94(100)"1914/1918"
|2 2011
|
| 080 |
|
|
|a (439)
|2 2011
|
| 080 |
|
|
|a (048.8)
|2 2011
|
| 100 |
1 |
|
|a Teichman, Josef,
|d 1896-1958
|4 aut
|9 407221
|
| 245 |
1 |
0 |
|a Maďaři ve válce a po válce
|c Josef Teichman
|
| 260 |
|
|
|a V Praze
|b Melantrich
|c 1937
|
| 300 |
|
|
|a 434 s.
|b fotogr.
|c 8°
|
| 490 |
1 |
|
|a Z války a revoluce : sbírka pamĕtí, studií a dokumentů
|v sv. 17
|
| 504 |
|
|
|a Bibliogr.: s. 419-422 ; register
|
| 648 |
|
7 |
|a 1914-1934
|2 SNKPH
|9 407222
|
| 650 |
0 |
7 |
|a politické dejiny
|2 SNKPH
|9 69271
|
| 650 |
0 |
7 |
|a prvá svetová vojna (1914-1918)
|2 SNKPH
|9 162650
|
| 651 |
|
7 |
|a Maďarsko
|2 SNKPH
|9 16754
|
| 655 |
|
7 |
|a monografie
|2 SNKPH
|9 70139
|
| 752 |
|
|
|a Česko
|d Praha
|
| 830 |
|
0 |
|a Z války a revoluce : sbírka pamĕtí, studií a dokumentů
|9 407223
|
| 852 |
|
|
|a Slovenská národná knižnica
|
| 954 |
|
|
|a odborná, vedecká literatúra cudzojazyčná (svetová)
|2 lita
|
| 958 |
|
|
|a CZ
|
| 958 |
|
|
|a NB
|
| 958 |
|
|
|a OND
|
| 999 |
|
|
|c 658367
|d 660297
|
| 952 |
|
|
|a SNK
|b SNK
|y PREZ
|7 0
|p 17A0743136
|o snkSC 2152/17
|i snk778/37
|0 0
|1 0
|4 0
|d 2018-05-28
|f 1
|l 0
|r 2025-06-11 00:00:00
|w 2026-02-23
|
| 952 |
|
|
|a SNK
|b SNK
|y VYP
|7 0
|p 17A1541934
|o snkSC 2152/17 D2
|i snkK 5391/66
|8 3
|0 0
|1 0
|4 0
|d 2024-02-12
|l 0
|r 2026-02-23 18:44:46
|w 2026-02-23
|